000 00204 a2200097 4500
001 10089
100 _aBrennan, D G.
245 _aArms control & disarmament
260 _a
_bCape
_c
090 _c7842
_d7842
942 _aNUST-CAE
_cM
_c34536
999 _c245162
_d245162